Statistics for World City Picture Puzzle Game #1

Click here to take the quiz!

General Stats

  • This quiz has been taken 1,365 times
  • The average score is 11 of 17

Answer Stats

ClueAnswer% Correct
City famous for a large opera houseSydney
99%
Country with 100+ cities above 1 million peopleChina
96%
Muhammad was born in this holy cityMecca
90%
Three-letter Morrocan hat cityFez
83%
Hiroshima and Nagasaki were struck by theseAtomic Bombs
82%
Russia's second largest citySaint Petersburg
81%
Former name of the aboveLeningrad
79%
Capital of Brazil before 1960Rio de Janeiro
72%
Major Munich football (soccer) teamFC Bayern
69%
Nicknamed The City of DavidJerusalem
59%
City burnt by a "Great Fire" in 64 A.D.Rome
56%
French Canadian city, "Mt. Royal" in EnglishMontréal
53%
Two capitals 7 kms away from each otherKinshasa
47%
Two capitals 7 kms away from each otherBrazzaville
45%
Hidden LocationIzmir, Turkey
43%
World's tallest building, located in DubaiBurj Khalifa
42%
Capital city of MyanmarNaypyidaw
41%

Score Distribution

Percentile by Number Answered

Percent of People with Each Score

Your Score History

You have not taken this quiz